01034 2200325 4500001002100000005001500021035002000036007000300056008004100059020002200100082001400122084001600136100002900152245013600181250003400317300003100351650001300382264003200395336002100427337003000448338002300478040002200501090002200523850001200545999002200557700003300579700003400612700004000646990002200686INLIS00000000088589320240422112704 a0010-0424000520ta240422s2023 yoi g | ind d a978-623-02-7391-904223a153.8 a153.8 LIL m0 aLilis RohaetiePengarang10aMurid teladan dalam madrasah kehidupan /cLilis Rohaeti, Imam Aula Muminim, Taqi Fatah Mubarok; penyunting, Muhammad Ilham Muttahir aCetakan Pertama: Oktober 2023 aviii, 103 halaman ;c20 cm 4aMotivasi31aSleman :bDeepublish,c2023 2rdacontentateks 2rdamediaatanpa perantara 2rdacarrieravolume aYOPDYOGbinderda aCB-D.11 2023-4654 aYOPDYOG aCB-D.11/2023-46540 aImam Aula MuminimePengarang0 aTaqi Fatah MubarokePengarang0 aMuhammad Ilham MuttahirePenyunting aCB-D.11/2023-4654